Even More Images That Start with 'B' Quiz Stats

 Plays Quiz Updated Nov 8, 2017

Score 0/20 Timer 03:00
0 Plays Today
% Correct
bulldog
97.6%
barrels
96.8%
blender
96.7%
blonde braid
95.2%
belt buckle
94.4%
bamboo
94%
bicycle
92.4%
butter
91.8%
bouquet
91.6%
beetle
89%
% Correct
boysenberry
88.2%
bikini
87.8%
boar
87.4%
bale
85.2%
barb
84%
bonsai
77.1%
bobcat
74%
battery
68.9%
bugle
65.1%
beanie
47.1%

You're not logged in!

Compare scores with friends on all Sporcle quizzes.
OR
Log In

You Might Also Like...

Show Comments

Extras

Top Quizzes Today


Score Distribution

Your Account Isn't Verified!

In order to create a playlist on Sporcle, you need to verify the email address you used during registration. Go to your Sporcle Settings to finish the process.

Report this User

Report this user for behavior that violates our Community Guidelines.

Details: